Technology for motor mechanics. Pt 2 & 3 (Record no. 30778)

MARC details
000 -LEADER
fixed length control field 00316nam a2200121Ia 4500
082 ## - DEWEY DECIMAL CLASSIFICATION NUMBER
Classification number 629.113
Item number MUD
100 ## - MAIN ENTRY--AUTHOR NAME
Personal name Mudd, S C
245 #0 - TITLE STATEMENT
Title Technology for motor mechanics. Pt 2 & 3
260 ## - PUBLICATION, DISTRIBUTION, ETC. (IMPRINT)
Place of publication London
Name of publisher Edward Arnold
Year of publication 1972
650 ## - SUBJECT ADDED ENTRY--TOPICAL TERM
Topical Term Motor technology
942 ## - ADDED ENTRY ELEMENTS (KOHA)
Koha item type Books
Holdings
Withdrawn status Lost status Damaged status Not for loan Home library Current library Date acquired Cost, normal purchase price Full call number Accession Number Koha item type
        RRII Library RRII Library 16/12/2021 2.80 629.113 MUD 11337 Books